| 000 | 00740cam a2200265 4500 | ||
|---|---|---|---|
| 001 | 44837 | ||
| 010 | _a9722318705 | ||
| 021 | _b74019/94 | ||
| 090 | _a44837 | ||
| 100 | _a19950530d1995 m y0pory5003 ba | ||
| 101 | 1 | _apor | |
| 102 | _aPT | ||
| 200 | 1 |
_aNovo guia dos canários _fOtto von Frisch _gtrad. Hugo Carvalho _gfotog. Uwe Anders _gdes. Steffen Walentowitz |
|
| 205 | _a1.ª ed. | ||
| 210 | 9 |
_aLisboa _cPresença, _d1995 |
|
| 215 |
_a77 p. a 2 colns. _cil. _d21 cm |
||
| 225 | 2 |
_aHabitat _v131 |
|
| 304 | _aTít. orig. : Kanarienvögel | ||
| 675 | _a636.68 | ||
| 700 | 1 |
_aFrisch, _bOtto von |
|
| 702 | 1 |
_aCarvalho, _bHugo _4730 |
|
| 702 | 1 |
_aAnders, _bUwe _4600 |
|
| 702 | 1 |
_aWalentowitz, _bSteffen _4440 |
|
| 801 | 0 |
_aPT _bBN _gRPC |
|
| 990 | _cLIVROS | ||